The Routledge history of literature in English : Britain and Ireland (Record no. 69965)

000 -LEADER
fixed length control field 00589nam a22002177a 4500
003 - CONTROL NUMBER IDENTIFIER
control field NUST - PNEC
005 - DATE AND TIME OF LATEST TRANSACTION
control field 20170116181131.0
008 - FIXED-LENGTH DATA ELEMENTS--GENERAL INFORMATION
fixed length control field 151006b xxu||||| |||| 00| 0 eng d
020 ## - INTERNATIONAL STANDARD BOOK NUMBER
International Standard Book Number 0415243173
020 ## - INTERNATIONAL STANDARD BOOK NUMBER
International Standard Book Number 0415243181
020 ## - INTERNATIONAL STANDARD BOOK NUMBER
International Standard Book Number 978041524317
020 ## - INTERNATIONAL STANDARD BOOK NUMBER
International Standard Book Number 9780415243186
040 ## - CATALOGING SOURCE
Transcribing agency LIBRARY
082 ## - DEWEY DECIMAL CLASSIFICATION NUMBER
Classification number 820.9 CAR
100 ## - MAIN ENTRY--PERSONAL NAME
9 (RLIN) 13964
Personal name Carter, Ronald
245 ## - TITLE STATEMENT
Title The Routledge history of literature in English : Britain and Ireland
Statement of responsibility, etc. Ronald Carter
250 ## - EDITION STATEMENT
Edition statement 2nd ed.
260 ## - PUBLICATION, DISTRIBUTION, ETC.
Date of publication, distribution, etc. c.2001
650 ## - SUBJECT ADDED ENTRY--TOPICAL TERM
9 (RLIN) 13966
Topical term or geographic name entry element English language
General subdivision General books
942 ## - ADDED ENTRY ELEMENTS (KOHA)
Source of classification or shelving scheme
Koha item type Book
Holdings
Withdrawn status Lost status Source of classification or shelving scheme Damaged status Not for loan Permanent Location Current Location Shelving location Date acquired Total Checkouts Full call number Barcode Date last seen Price effective from Koha item type
          Pakistan Navy Engineering College (PNEC) Pakistan Navy Engineering College (PNEC)       820.9 CAR PNECLIB-025996 10/06/2015   Book
© 2023 Central Library, National University of Sciences and Technology. All Rights Reserved.